Remembering the Forgotten War (Record no. 1112769)

MARC details
000 -LEADER
fixed length control field 01086nam a2200325Ia 4500
003 - CONTROL NUMBER IDENTIFIER
control field OSt
005 - DATE AND TIME OF LATEST TRANSACTION
control field 20221006160228.0
008 - FIXED-LENGTH DATA ELEMENTS--GENERAL INFORMATION
fixed length control field 221006b |||||||| |||| 00| 0 eng d
020 ## - INTERNATIONAL STANDARD BOOK NUMBER
International Standard Book Number 9780765606976
037 ## - SOURCE OF ACQUISITION
Terms of availability Textual
040 ## - CATALOGING SOURCE
Original cataloging agency EASL
Transcribing agency EASL
Language of cataloging eng
041 ## - LANGUAGE CODE
Source of code eng
Language code of text/sound track or separate title eng
100 ## - MAIN ENTRY--PERSONAL NAME
Personal name West Philip Ed.
9 (RLIN) 672530
245 #0 - TITLE STATEMENT
Title Remembering the Forgotten War
Remainder of title The Korean war through literature and art
260 ## - PUBLICATION, DISTRIBUTION, ETC.
Place of publication, distribution, etc. New York
Name of publisher, distributor, etc. M.E.Sharpe
Date of publication, distribution, etc. 2000
300 ## - PHYSICAL DESCRIPTION
Extent 256p.
Dimensions cm.
490 ## - SERIES STATEMENT
Volume/sequential designation KEL
650 ## - SUBJECT ADDED ENTRY--TOPICAL TERM
Topical term or geographic name entry element Arts Korean-th century
9 (RLIN) 672531
650 ## - SUBJECT ADDED ENTRY--TOPICAL TERM
Topical term or geographic name entry element Korean literature-th century -history and criticism
9 (RLIN) 672532
650 ## - SUBJECT ADDED ENTRY--TOPICAL TERM
Topical term or geographic name entry element Korean war- Art and the war
9 (RLIN) 672533
650 ## - SUBJECT ADDED ENTRY--TOPICAL TERM
Topical term or geographic name entry element Korean war- Literature and the war
9 (RLIN) 672534
650 ## - SUBJECT ADDED ENTRY--TOPICAL TERM
Topical term or geographic name entry element KEL
700 ## - ADDED ENTRY--PERSONAL NAME
Personal name Suh Ji-moon Ed.
9 (RLIN) 671733
942 ## - ADDED ENTRY ELEMENTS (KOHA)
Classification part V495:19(zM).N53, P0
Koha item type Textual
Source of classification or shelving scheme Colon Classification (CC)
Holdings
Withdrawn status Lost status Source of classification or shelving scheme Damaged status Not for loan Home library Current library Date acquired Source of acquisition Serial Enumeration / chronology Total Checkouts Full call number Barcode Date last seen Price effective from Koha item type
    Colon Classification (CC)     Department of East Asian Studies Library Department of East Asian Studies Library 2022-10-06 Gift, Window on Korea KEL   V495:19(zM).N53 P0 EA1397434 2022-10-06 2022-10-06 Textual
Copyright @ Delhi University Library System